| 000 | 00605nam a22001937a 4500 | ||
|---|---|---|---|
| 005 | 20260319121747.0 | ||
| 010 | _aENG-147945 | ||
| 020 |
_a8185857326 _c1000.00 |
||
| 035 | _aEN-131477 | ||
| 037 | _bDBAD | ||
| 082 | _a820.8 | ||
| 100 |
_aLeumann Ernst _988630 |
||
| 245 |
_aAn Outline of the Avasyaka Literature / _cErnst Leumann _hEnglish |
||
| 260 |
_aAhmedabad _bJ. B. Shah |
||
| 270 |
_aJ. B. Shah L. D. Institute of Indology Ahmedabad - 380 009 (India) _bAhmedabad _e380009 |
||
| 300 |
_a154p. _c30cm(Pb) |
||
| 700 |
_aLeumann Ernst _987103 |
||
| 942 |
_2ddc _cEN _h820.8 _mLEU |
||
| 999 |
_c215652 _d215652 |
||